Polscy Medaliści Mistrzostw Świata w Lekkoatletyce - Statystyki

Ogólne statystyki
  • Ten quiz został rozwiązany 46 razy
  • Średni wynik to 57 z 90
Statystyki odpowiedzi
Wskazówka Odpowiedź % Poprawnych
Berlin 2009 Anita Włodarczyk
97%
Moskwa 2013 Anita Włodarczyk
97%
Pekin 2015 Anita Włodarczyk
97%
Londyn 2017 Anita Włodarczyk
97%
Pekin 2015 Piotr Lisek
97%
Londyn 2017 Piotr Lisek
97%
Doha 2019 Piotr Lisek
97%
Moskwa 2013 Paweł Fajdek
94%
Pekin 2015 Paweł Fajdek
94%
Londyn 2017 Paweł Fajdek
94%
Doha 2019 Paweł Fajdek
94%
Eugene 2022 Paweł Fajdek
94%
Berlin 2009 Tomasz Majewski
94%
Budapeszt 2023 Natalia Kaczmarek
91%
Berlin 2009 Piotr Małachowski
89%
Moskwa 2013 Piotr Małachowski
89%
Pekin 2015 Piotr Małachowski
89%
Pekin 2015 Wojciech Nowicki
89%
Londyn 2017 Wojciech Nowicki
89%
Doha 2019 Wojciech Nowicki
89%
Eugene 2022 Wojciech Nowicki
89%
Budapeszt 2023 Wojciech Nowicki
89%
Goteborg 1995 Robert Korzeniowski
86%
Ateny 1997 Robert Korzeniowski
86%
Edmonton 2001 Robert Korzeniowski
86%
Paryż 2003 Robert Korzeniowski
86%
Berlin 2009 Anna Rogowska
83%
Londyn 2017 Justyna Święty
83%
Edmonton 2001 Monika Pyrek
83%
Helsinki 2005 Monika Pyrek
83%
Berlin 2009 Monika Pyrek
83%
Daegu 2011 Paweł Wojciechowski
83%
Pekin 2015 Paweł Wojciechowski
83%
Pekin 2015 Adam Kszczot
80%
Londyn 2017 Adam Kszczot
80%
Doha 2019 Marcin Lewandowski
77%
Stuttgart 1993 Artur Partyka
71%
Goteborg 1995 Artur Partyka
71%
Ateny 1997 Artur Partyka
71%
Edmonton 2001 Szymon Ziółkowski
71%
Helsinki 2005 Szymon Ziółkowski
71%
Berlin 2009 Szymon Ziółkowski
71%
Londyn 2017 Malwina Kopron
66%
Doha 2019 Anna Kiełbasińska
63%
Doha 2019 Joanna Fiodorow
63%
Londyn 2017 Małgorzata Hołub
63%
Osaka 2007 Marek Plawgo
63%
Osaka 2007 Marek Plawgo
63%
Londyn 2017 Iga Baumgart
60%
Tokio 1991 Wanda Panfil
54%
Helsinki 1983 Zdzisław Hoffmann
54%
Doha 2019 Iga Baumgart-Witan
51%
Berlin 2009 Sylwester Bednarek
51%
Londyn 2017 Patrycja Wyciszkiewicz
49%
Doha 2019 Patrycja Wyciszkiewicz
49%
Osaka 2007 Anna Jesień
46%
Londyn 2017 Kamila Lićwinko
46%
Eugene 2022 Katarzyna Zdziebło
46%
Eugene 2022 Katarzyna Zdziebło
46%
Ateny 1997 Piotr Rysiukiewicz
46%
Edmonton 2001 Piotr Rysiukiewicz
46%
Ateny 1997 Robert Maćkowiak
46%
Sewilla 1999 Robert Maćkowiak
46%
Ateny 1997 Tomasz Czubak
46%
Sewilla 1999 Tomasz Czubak
46%
Sewilla 1999 Jacek Bocian
43%
Edmonton 2001 Jacek Bocian
43%
Doha 2019 Justyna Święty-Ersetic
43%
Doha 2019 Małgorzata Hołub-Kowalik
43%
Ateny 1997 Piotr Haczek
43%
Sewilla 1999 Piotr Haczek
43%
Edmonton 2001 Piotr Haczek
43%
Pekin 2015 Robert Urbanek
43%
Helsinki 1983 Edward Sarul
40%
Helsinki 1983 Zdzisław Kwaśny
40%
Helsinki 1983 Bogusław Mamiński
37%
Berlin 2009 Kamila Chudzik
37%
Daegu 2011 Karolina Tymińska
37%
Londyn 2017 Aleksandra Gaworska
34%
Osaka 2007 Marcin Marciniszyn
34%
Berlin 2009 Grzegorz Sudoł
29%
Osaka 2007 Kacper Kozłowski
29%
Osaka 2007 Daniel Dąbrowski
26%
Sewilla 1999 Piotr Długosielski
26%
Edmonton 2001 Piotr Długosielski
26%
Edmonton 2001 Rafał Wieruszewski
26%
Osaka 2007 Rafał Wieruszewski
26%
Osaka 2007 Witold Bańka
26%
Londyn 2017 Martyna Dąbrowska
23%
Edmonton 2001 Paweł Czapiewski
23%
Nie znaleziono quizów pasujących do podanych kryteriów
Rozkład punktacji
Procent ludzi z każdym wynikiem
Percentyl według liczby udzielonych odpowiedzi
Twoja historia wyników
Nie rozwiązałeś tego quizu